000 01043nam a2200277Ia 4500
003 OSt
005 20220923211219.0
006 a|||||r|||| 00| 0
007 ta
008 220922b |||||||| |||| 00| 0 hin d
020 _a9788126723027 (hbk)
_c200
024 _a348,588
037 _bBR/7270, 19/02/2019, Rajkamal Prakashan Pvt. Ltd
_cTextual
040 _aARTS
_cARTS
_bhin
041 _2hin
_ahin
082 _aO152,3N65,PG, P2
100 _aज़मॉं, शाज़ी, ले.
_9159779
245 0 _aप्रेम गली अति सॉंकरी
246 _aPrem galī ati saॉankarī
260 _aनयी दिल्ली
_b राजकमल प्रकाशन
_c2015
300 _a103पृ.
_ccm.
650 _a हिन्दी साहित्य
_9156264
650 _aहिन्दी कहानी
942 _hO152,3N65,PG, P2
_cTEXL
_2CC
999 _c297045
_d297045